[Event "game "revenge""]
[Site "http://www.queenalice.com/game.php?id=851532"]
[Date "2010.10.28"]
[Round "-"]
[White "GarethBale"]
[Black "vitorhugo69"]
[Result "1-0"]
[WhiteElo "1916"]
[BlackElo "1100"]

1. d4 d5 2. c4 c6 3. Nc3 Nf6 4. g3 e6 5. Bg2 Be7 6. Nf3 O-O 7. Ne5 Nbd7 8. f4
Nxe5 9. fxe5 Ng4 10. h3 Nh6 11. Bxh6 gxh6 12. h4 Bb4 13. O-O Bxc3 14. bxc3 f6
15. exf6 Rxf6 16. Qd2 dxc4 17. Rxf6 Qxf6 18. Rf1 Qg7 19. Qf4 e5 20. dxe5 Be6 21.
Qf6 Qf7 22. Qxh6 Qg6 23. Qxg6+ hxg6 24. Rf6 Bf7 25. e6 Be8 26. g4 Kg7 27. g5 Rd8
28. Bh3 Rd1+ 29. Kf2 Rc1 30. Rf3 Ra1 31. e7 Rd1 32. Rf8 Rh1 33. Be6 Rh2+ 34. Ke3
Rh3+ 35. Kd2 1-0

[Event "AUTO-ADV-1952"]
[Site "http://www.queenalice.com/game.php?id=851869"]
[Date "2010.10.28"]
[Round "1"]
[White "sia"]
[Black "GarethBale"]
[Result "0-1"]
[WhiteElo "1965"]
[BlackElo "1895"]

1. d3 e5 2. g3 c5 3. Bg2 Nc6 4. Nf3 g6 5. Nc3 Bg7 6. O-O Nge7 7. Bg5 f6 8. Be3
d6 9. a3 O-O 10. Ne4 Be6 11. c4 Qd7 12. Nc3 b6 13. Nd2 d5 14. cxd5 Nxd5 15. Nde4
Nxe3 16. fxe3 Rac8 17. Nb5 f5 18. Ng5 Bh6 19. Nxe6 Bxe3+ 20. Kh1 Qxe6 21. Nc3
Rfd8 22. Qa4 Rd7 23. Rad1 Nd4 24. Qa6 Rcd8 25. Bb7 Nc6 26. Nb5 e4 27. Nxa7 Nxa7
28. Qxa7 Qe7 29. dxe4 Kg7 30. exf5 Rxd1 31. f6+ Qxf6 32. Bd5+ Kh6 33. Rxd1 Rxd5
34. Qa4 Rxd1+ 35. Qxd1 Qc6+ 36. Qd5 Qxd5# 0-1

[Event "AUTO-ADV-1952"]
[Site "http://www.queenalice.com/game.php?id=851870"]
[Date "2010.10.28"]
[Round "1"]
[White "GarethBale"]
[Black "sia"]
[Result "1-0"]
[WhiteElo "1989"]
[BlackElo "1953"]

1. c4 e6 2. g3 Nc6 3. Bg2 Nf6 4. d4 Be7 5. Nf3 O-O 6. Nc3 d6 7. O-O a6 8. e4 b6
9. d5 Ne5 10. Qe2 Nxf3+ 11. Qxf3 e5 12. h3 h6 13. Be3 c5 14. dxc6 Qc7 15. Nd5
Nxd5 16. cxd5 f5 17. Qh5 f4 18. gxf4 exf4 19. Bd4 Bf6 20. Bxf6 Rxf6 21. Bf3 Qf7
22. Qxf7+ Kxf7 23. Kh2 a5 24. Rfe1 Ba6 25. e5 dxe5 26. Rxe5 Rd8 27. Rae1 g5 28.
Re7+ Kf8 29. Ra7 Bc4 30. c7 Rc8 31. Bg4 Rxc7 32. Rxc7 Bxd5 33. Rd1 Rd6 34. Bf3
Ke8 35. Rxd5 Re6 36. Bh5+ Kf8 37. Rd8+ Re8 38. Rxe8# 1-0

[Event "AUTO-ADV-1952"]
[Site "http://www.queenalice.com/game.php?id=851885"]
[Date "2010.10.28"]
[Round "1"]
[White "Dolskkier"]
[Black "GarethBale"]
[Result "1-0"]
[WhiteElo "1779"]
[BlackElo "1916"]

1. d4 Nf6 2. e3 c5 3. c3 d5 4. Bd3 Nbd7 5. f4 g6 6. Nd2 Bg7 7. Ngf3 O-O 8. O-O
b6 9. Ne5 Nxe5 10. fxe5 Ng4 11. Qe2 f6 12. h3 Nh6 13. exf6 Bxf6 14. dxc5 bxc5
15. e4 dxe4 16. Nxe4 Nf5 17. g4 Nd6 18. Bh6 Re8 19. Bc4+ Kh8 20. Rxf6 exf6 21.
Nxd6 Rxe2 22. Nf7+ Kg8 23. Nxd8+ Kh8 24. Nf7+ Kg8 25. Nd6+ Be6 26. Bxe2 1-0

[Event "AUTO-ADV-1952"]
[Site "http://www.queenalice.com/game.php?id=851886"]
[Date "2010.10.28"]
[Round "1"]
[White "GarethBale"]
[Black "Dolskkier"]
[Result "1-0"]
[WhiteElo "1862"]
[BlackElo "1821"]

1. c4 f5 2. g3 e6 3. Bg2 Nf6 4. Nf3 c6 5. O-O d5 6. d3 Bd6 7. Nc3 O-O 8. e4 fxe4
9. dxe4 Be7 10. e5 Nfd7 11. b3 Qa5 12. Bb2 dxc4 13. Qe2 cxb3 14. axb3 Qb4 15.
Ba3 Qxc3 16. Bxe7 Re8 17. Bd6 g6 18. Ng5 h6 19. Be4 Nxe5 20. Rfc1 Qd4 21. Rd1
Qc3 22. Rac1 Qa5 23. Rc5 Qxc5 24. Bxc5 hxg5 25. f4 gxf4 26. gxf4 Nbd7 27. fxe5
Nxc5 28. Bxg6 Re7 29. Rd8+ Kg7 30. Qh5 1-0

[Event "AUTO-ADV-1952"]
[Site "http://www.queenalice.com/game.php?id=851895"]
[Date "2010.10.28"]
[Round "1"]
[White "Blutigeroo"]
[Black "GarethBale"]
[Result "0-1"]
[WhiteElo "1809"]
[BlackElo "1957"]

1. g3 c5 2. Bg2 Nc6 3. e4 g6 4. Nf3 Bg7 5. O-O d6 6. c3 e5 7. Na3 Nge7 8. Nc2 d5
9. exd5 Qxd5 10. Re1 Qd6 11. Ne3 Be6 12. a3 O-O 13. b4 cxb4 14. axb4 b5 15. Ra6
Qd7 16. Ng5 Rac8 17. Nxe6 Qxe6 18. d4 exd4 19. cxd4 Qd7 20. d5 Nxb4 21. Ra5 Rfd8
22. Qb3 Nbxd5 23. Rd1 Nxe3 24. Rxd7 Rxc1+ 0-1

[Event "AUTO-ADV-1952"]
[Site "http://www.queenalice.com/game.php?id=851896"]
[Date "2010.10.28"]
[Round "1"]
[White "GarethBale"]
[Black "Blutigeroo"]
[Result "1-0"]
[WhiteElo "2012"]
[BlackElo "1815"]

1. c4 Nf6 2. g3 g6 3. Bg2 Bg7 4. Nc3 O-O 5. e4 e5 6. Nge2 c6 7. O-O b6 8. d4
exd4 9. Nxd4 Bb7 10. Bf4 c5 11. Ndb5 Na6 12. e5 Ne8 13. Bxb7 Nb4 14. Bxa8 Qxa8
15. a3 Nc6 16. Qxd7 Na5 17. Qd5 Qc8 18. b4 Nc6 19. bxc5 Na5 20. Nxa7 Qa6 21.
cxb6 Qxb6 22. Nab5 Kh8 23. Rab1 f6 24. Nd6 Qa7 25. Nxe8 Rxe8 26. exf6 Bxf6 27.
Ne4 Rd8 28. Qe6 Be7 29. Be5+ 1-0

[Event "AUTO-ADV-1952"]
[Site "http://www.queenalice.com/game.php?id=913832"]
[Date "2011.3.17"]
[Round "2"]
[White "Dolskkier"]
[Black "GarethBale"]
[Result "1-0"]
[WhiteElo "2223"]
[BlackElo "2015"]

1. e4 e5 2. Nf3 Nc6 3. Bb5 Nd4 4. Nxd4 exd4 5. d3 g6 6. O-O Bg7 7. Qf3 Ne7 8.
Bg5 O-O 9. Bc4 d6 10. Nd2 Be6 11. h3 h6 12. Bh4 Qd7 13. Bf6 Nc6 14. Bb5 Bxf6 15.
Qxf6 Qe7 16. Qf4 Kh7 17. Nf3 g5 18. Qg3 Qf6 19. Bxc6 bxc6 20. e5 dxe5 21. Nxe5
Bd5 22. Nd7 Qd6 23. Nxf8+ Rxf8 24. Qxd6 cxd6 25. Rae1 Rb8 26. b3 Rb7 27. Re8 Kg7
28. Rfe1 Be6 29. Rd8 d5 30. Kh2 Rc7 31. Kg3 Rb7 32. f4 Rc7 33. Re5 1-0

[Event "AUTO-ADV-1952"]
[Site "http://www.queenalice.com/game.php?id=913833"]
[Date "2011.3.17"]
[Round "2"]
[White "GarethBale"]
[Black "Dolskkier"]
[Result "0-1"]
[WhiteElo "2020"]
[BlackElo "2215"]

1. c4 c6 2. Nf3 d5 3. g3 e6 4. Bg2 Nf6 5. O-O dxc4 6. a4 Qd5 7. a5 e5 8. Nc3 Qe6
9. Qa4 Nbd7 10. d4 cxd3 11. exd3 Nc5 12. Qc2 Qd6 13. Re1 Qxd3 14. Rxe5+ Be6 15.
Qxd3 Nxd3 16. Re3 O-O-O 17. a6 Bc5 18. axb7+ Kxb7 19. Re2 Ng4 20. Ne4 Bb6 21.
Be3 Nxe3 22. fxe3 Rhe8 23. Nc3 Bc4 24. Nd2 Rxe3 25. Nxc4 Rxe2+ 26. Nxb6 Rxg2+
27. Kxg2 axb6 28. Rd1 Kc7 0-1

[Event "AUTO-ADV-1952"]
[Site "http://www.queenalice.com/game.php?id=913838"]
[Date "2011.3.17"]
[Round "2"]
[White "GarethBale"]
[Black "PassedPawn"]
[Result "0-1"]
[WhiteElo "2048"]
[BlackElo "2230"]

1. c4 e5 2. g3 Nf6 3. Bg2 Nc6 4. Nc3 Bc5 5. e3 O-O 6. Nge2 d6 7. d4 exd4 8. exd4
Bb6 9. O-O Re8 10. h3 h6 11. a3 Bf5 12. b4 a6 13. Be3 Ne7 14. g4 Bc8 15. g5 hxg5
16. Bxg5 Nh7 17. Bh4 Qd7 18. c5 Ba7 19. Qd2 dxc5 20. Bxe7 cxd4 21. Nd5 c6 22.
Bc5 Bxc5 23. bxc5 cxd5 24. Nf4 Re4 25. Rad1 Ng5 26. h4 Qf5 27. hxg5 Rxf4 28. Rb1
Qxg5 29. Rb3 Bd7 30. Rg3 Qf6 31. Bxd5 Rd8 32. Bxb7 Bb5 33. Rc1 Qe5 34. a4 Bxa4
35. Qa5 Rb8 36. Re1 Qf5 37. Qc7 Rf8 38. Re5 Qb1+ 39. Kg2 Rh4 40. Rxg7+ Kxg7 41.
Rg5+ Kh6 42. Kg3 Kxg5 43. Qe7+ f6 0-1

[Event "AUTO-ADV-1952"]
[Site "http://www.queenalice.com/game.php?id=913839"]
[Date "2011.3.17"]
[Round "2"]
[White "PassedPawn"]
[Black "GarethBale"]
[Result "1-0"]
[WhiteElo "2219"]
[BlackElo "2033"]

1. d4 d5 2. c4 e6 3. Nc3 c5 4. e3 Nc6 5. Nf3 Nf6 6. cxd5 exd5 7. Be2 cxd4 8.
exd4 Ne4 9. O-O Be7 10. Qb3 Nxc3 11. bxc3 O-O 12. Bf4 b6 13. Bb5 Na5 14. Qc2 Be6
15. Rae1 Nc4 16. Bc6 Rc8 17. Bb7 Na3 18. Qd3 Rc7 19. Bxc7 Qxc7 20. Ba6 Rb8 21.
Ne5 b5 22. f4 Qb6 23. f5 Qxa6 24. fxe6 fxe6 25. Rf7 Bf6 26. Qg3 Bxe5 27. Qxe5
Kxf7 28. Rf1+ Kg6 29. Qxb8 b4 30. Qg3+ 1-0

[Event "AUTO-ADV-1952"]
[Site "http://www.queenalice.com/game.php?id=913840"]
[Date "2011.3.17"]
[Round "2"]
[White "GarethBale"]
[Black "fbenevides"]
[Result "1-0"]
[WhiteElo "2028"]
[BlackElo "1725"]

1. c4 d5 2. cxd5 Qxd5 3. Nc3 Qd7 4. g3 Qc6 5. Nf3 Nf6 6. Bg2 Ng4 7. O-O Qd7 8.
Qb3 e6 9. h3 Nf6 10. Ne5 Qd8 11. Bxb7 Bxb7 12. Qxb7 Nbd7 13. Nb5 Bd6 14. Nc6 Nc5
15. Nxd6+ cxd6 16. Nxd8 Nxb7 17. Nxb7 d5 18. b3 O-O 19. Ba3 Rfb8 20. Nc5 h6 21.
Rfc1 a6 22. d3 Rc8 23. Nb7 Rxc1+ 24. Rxc1 a5 25. Nd6 Ra6 26. Rc8+ Kh7 27. Bc5
Kg6 28. a3 a4 29. b4 Nd7 30. d4 Nxc5 31. dxc5 Kf6 32. b5 Ra5 33. b6 1-0

[Event "AUTO-ADV-1952"]
[Site "http://www.queenalice.com/game.php?id=913841"]
[Date "2011.3.17"]
[Round "2"]
[White "fbenevides"]
[Black "GarethBale"]
[Result "0-1"]
[WhiteElo "1701"]
[BlackElo "2024"]

1. Nf3 d5 2. d4 c5 3. dxc5 e6 4. Be3 Na6 5. c3 Nxc5 6. Bxc5 Bxc5 7. e3 Nf6 8.
Bb5+ Bd7 9. Bxd7+ Qxd7 10. b4 Bd6 11. a4 Rc8 12. a5 O-O 13. O-O Ne4 14. Qd4 a6
15. Ne5 Qc7 16. Ra3 Bxe5 17. Qb6 Bxh2+ 18. Kh1 Qe5 19. g3 Bxg3 20. Kg2 Bxf2 21.
Nd2 Qg3+ 22. Kh1 Qh3# 0-1

[Event "Let's Play Chess!"]
[Site "http://www.queenalice.com/game.php?id=918719"]
[Date "2011.3.30"]
[Round "-"]
[White "dnptrs"]
[Black "GarethBale"]
[Result "1/2-1/2"]
[WhiteElo "2205"]
[BlackElo "2039"]

1. d4 d5 2. Nf3 c5 3. e3 e6 4. c4 Nf6 5. Nc3 Nc6 6. cxd5 exd5 7. Be2 Be7 8. O-O
O-O 9. a3 c4 10. Ne5 Rb8 11. f3 Qc7 12. Nxc6 Qxc6 13. Bd2 b5 14. Be1 a5 15. Bg3
Rb7 16. e4 dxe4 17. fxe4 Nxe4 18. Nxe4 Qxe4 19. Bf3 Qg6 20. Bxb7 Bxb7 21. Qd2
Bf6 22. d5 h5 23. Rad1 h4 24. Bc7 h3 25. Rf3 Bd4+ 26. Kf1 Bxd5 27. Rxh3 Be4 28.
Rg3 Bd3+ 29. Rxd3 cxd3 30. Qxd3 Qf6+ 31. Qf3 Qxf3+ 32. gxf3 Bxb2 33. Rb1 Bxa3
34. Rxb5 Rc8 35. Rxa5 Rxc7 1/2-1/2

[Event "Let's Play Chess!"]
[Site "http://www.queenalice.com/game.php?id=918720"]
[Date "2011.3.30"]
[Round "-"]
[White "GarethBale"]
[Black "dnptrs"]
[Result "1-0"]
[WhiteElo "2023"]
[BlackElo "2203"]

1. c4 Nf6 2. g3 e6 3. Bg2 c5 4. Nc3 Be7 5. Nf3 Nc6 6. d4 cxd4 7. Nxd4 O-O 8. O-O
Qc7 9. Ndb5 Qb8 10. Bf4 e5 11. Bg5 h6 12. Bxf6 Bxf6 13. Nd5 Bd8 14. Ne3 Bb6 15.
Nf5 Rd8 16. Nbd6 Kf8 17. Qd5 1-0

[Event "Let's Play Chess!"]
[Site "http://www.queenalice.com/game.php?id=918907"]
[Date "2011.3.30"]
[Round "-"]
[White "P17"]
[Black "GarethBale"]
[Result "1-0"]
[WhiteElo "2149"]
[BlackElo "2031"]

1. d4 d5 2. c4 e6 3. Nc3 c5 4. cxd5 exd5 5. e3 Bf5 6. dxc5 Nf6 7. Bb5+ Nc6 8.
Nf3 Bxc5 9. Bxc6+ bxc6 10. O-O O-O 11. a3 Bg4 12. b4 Bd6 13. h3 Bh5 14. Bb2 Re8
15. Rc1 Qe7 16. g3 Qe6 17. Kg2 Ne4 18. Nd4 1-0

[Event "Let's Play Chess!"]
[Site "http://www.queenalice.com/game.php?id=919540"]
[Date "2011.3.30"]
[Round "-"]
[White "Gil"]
[Black "GarethBale"]
[Result "1-0"]
[WhiteElo "2272"]
[BlackElo "2046"]

1. d4 d5 2. Nf3 c5 3. e3 e6 4. c4 Nc6 5. Nc3 Nf6 6. cxd5 exd5 7. Bb5 cxd4 8.
Nxd4 Bd7 9. O-O Be7 10. Qf3 Nxd4 11. exd4 Bxb5 12. Nxb5 O-O 13. Bf4 Ne4 14. Rac1
a6 15. Nc7 Rc8 16. Qb3 g5 17. Nxd5 gxf4 18. Rxc8 1-0

[Event "Let's Play Chess!"]
[Site "http://www.queenalice.com/game.php?id=919541"]
[Date "2011.3.30"]
[Round "-"]
[White "GarethBale"]
[Black "Gil"]
[Result "0-1"]
[WhiteElo "2062"]
[BlackElo "2277"]

1. c4 c5 2. g3 e6 3. Bg2 Nc6 4. Nc3 Nf6 5. Nf3 d5 6. cxd5 Nxd5 7. O-O Nxc3 8.
bxc3 Be7 9. Rb1 O-O 10. d4 Qa5 11. Qb3 Rd8 12. Rd1 cxd4 13. cxd4 b6 14. Ne5 Nxd4
15. Qe3 Nf3+ 16. Bxf3 Rxd1+ 17. Kg2 Qxa2 18. Rb3 Bc5 19. Qf4 f6 20. Rb2 fxe5 21.
Rxa2 exf4 22. Bxf4 Rd5 0-1

[Event "Challenge"]
[Site "http://www.queenalice.com/game.php?id=920376"]
[Date "2011.4.1"]
[Round "-"]
[White "dnptrs"]
[Black "GarethBale"]
[Result "1-0"]
[WhiteElo "2188"]
[BlackElo "2055"]

1. d4 d5 2. Nf3 Nf6 3. e3 c5 4. Be2 Bg4 5. O-O e6 6. b3 Nc6 7. Bb2 Be7 8. Ne5
Bxe2 9. Qxe2 Nd7 10. Nd2 Ndxe5 11. dxe5 f6 12. exf6 Bxf6 13. Bxf6 Qxf6 14. c4
O-O 15. Nf3 Rad8 16. e4 d4 17. e5 Qf4 18. Rae1 Rf5 19. Qe4 Qxe4 20. Rxe4 d3 21.
Rd1 Kf7 22. Kf1 Ke7 23. Ke1 a6 24. a3 b5 25. Kd2 bxc4 26. bxc4 Rb8 27. Ke3 Nd4
28. Nxd4 cxd4+ 29. Rxd4 Rxe5+ 30. Re4 Rg5 31. g3 Rb3 32. Rxd3 Rxd3+ 33. Kxd3 Ra5
34. Re2 Rxa3+ 35. Kd4 Ra1 36. Kc5 a5 37. f4 Kd7 38. Rb2 Kc7 39. Rb6 Re1 40. Ra6
e5 41. Ra7+ Kb8 42. Rxg7 exf4 43. Kb6 Re6+ 44. Kxa5 fxg3 45. hxg3 h6 46. c5 Rf6
47. g4 Re6 48. Kb5 Kc8 49. Kc4 Rf6 50. Kd5 Kd8 51. c6 Rf1 52. Rg6 Rd1+ 53. Ke5
Re1+ 54. Kf6 1-0

[Event "Challenge"]
[Site "http://www.queenalice.com/game.php?id=920377"]
[Date "2011.4.1"]
[Round "-"]
[White "GarethBale"]
[Black "dnptrs"]
[Result "1-0"]
[WhiteElo "2039"]
[BlackElo "2205"]

1. e4 c5 2. Nf3 e6 3. d4 cxd4 4. Nxd4 Nf6 5. Bd3 d6 6. Nc3 Nc6 7. Nb3 Be7 8. O-O
O-O 9. f4 Qc7 10. Be3 Bd7 11. Kh1 Rfc8 12. Rf3 Ng4 13. Bg1 Nb4 14. Rh3 f5 15.
Nd4 Bf6 16. exf5 Nxd3 17. Qxd3 exf5 18. Nxf5 Bxf5 19. Qxf5 Nh6 20. Rxh6 gxh6 21.
Nd5 1-0